Breve historia de la biología / (Record no. 87764)

MARC details
000 -LEADER
campo de control de longitud fija 00871cam a2200277Ma 4500
001 - NÚMERO DE CONTROL
campo de control 45477
005 - FECHA Y HORA DE LA ÚLTIMA TRANSACCIÓN
campo de control 20230410132803.0
008 - DATOS DE LONGITUD FIJA--INFORMACIÓN GENERAL
campo de control de longitud fija 920616s1966 ag a 001 0 spa d
035 ## - NÚMERO DE CONTROL DEL SISTEMA
Número de control de sistema (OCoLC)ocm55441747
040 ## - FUENTE DE CATALOGACIÓN
Centro catalogador/agencia de origen DIBAM
Lengua de catalogación spa
Centro/agencia transcriptor DIBAM
035 ## - NÚMERO DE CONTROL DEL SISTEMA
Número de control de sistema (OCoLC)55441747
041 1# - CÓDIGO DE IDIOMA
Código de lengua del texto/banda sonora o título independiente spa
Código de lengua original eng
050 14 - SIGNATURA TOPOGRÁFICA DE LA BIBLIOTECA DEL CONGRESO
Número de clasificación QH 305
Número de ítem A832b 1966
049 ## - FONDOS LOCALES (OCLC)
Biblioteca depositaria GRAL
100 1# - ENTRADA PRINCIPAL--NOMBRE DE PERSONA
Nombre de persona Asimov, Isaac,
Fechas asociadas al nombre 1920-1992.
245 10 - MENCIÓN DEL TÍTULO
Título Breve historia de la biología /
Mención de responsabilidad, etc. Isaac Asimov ; [tr. por Ricardo Zelarayán].
260 ## - PUBLICACIÓN, DISTRIBUCIÓN, ETC.
Lugar de publicación, distribución, etc. Buenos Aires :
Nombre del editor, distribuidor, etc. Editorial Universitaria de Buenos Aires,
Fecha de publicación, distribución, etc. c1966.
300 ## - DESCRIPCIÓN FÍSICA
Extensión 226 p. :
Otras características físicas il. ;
Dimensiones 18 cm.
490 0# - MENCIÓN DE SERIE
Mención de serie EUDEBA. Ciencia joven ;
Designación de volumen o secuencia 30
500 ## - NOTA GENERAL
Nota general Título original: A short history of biology.
500 ## - NOTA GENERAL
Nota general Reimpresiones llamadas ediciones: 1971 (2a.).
650 #0 - PUNTO DE ACCESO ADICIONAL DE MATERIA--TÉRMINO DE MATERIA
Término de materia o nombre geográfico como elemento de entrada Biology
Subdivisión general History.
942 ## - ELEMENTOS DE ENTRADA SECUNDARIOS (KOHA)
Fuente del sistema de clasificación o colocación Clasificación de Library of Congress
Tipo de ítem Koha
946 ## - PROCESAMIENTO DE INFORMACIÓN LOCAL (OCLC)
a mjcruz
994 ## -
-- C0
-- DRFGD
Holdings
Estatus retirado Estado de pérdida Fuente del sistema de clasificación o colocación Estado de daño No para préstamo Colección Biblioteca de origen Biblioteca actual Ubicación en estantería Fecha de adquisición Serial enumeration / chronology Signatura topográfica completa Código de barras Visto por última vez Copia número Tipo de ítem Koha
    Clasificación de Library of Congress     Humanidades Biblioteca Juan Bosch Biblioteca Juan Bosch Humanidades (4to. Piso) 10/04/2023 1 QH 305 A832b 1966 00000045649 25/10/2018 1